Sanat - "Noitanainen" - Tina - Statistics

Yleistilastot
  • Tätä visaa on pelattu 23 kertaa
  • Keskiarvotulos 185 / 256
Vastaustilastot
Vastaus % Oikein
et
100%
luulisit
100%
mitä
100%
mitään
100%
mittaa
100%
muodosta
100%
musta
100%
muut
100%
muuta
100%
100%
100%
Sun
100%
sun
100%
tiedä
100%
vai
100%
vaikka
100%
mua
88%
paskahuhuihin
88%
saa
88%
vaan
88%
ei
75%
ja
75%
kaatumaan
75%
kun
75%
kuvaa
75%
75%
mielipitees
75%
Mut
75%
olla
75%
piirrä
75%
rumaa
75%
elämästä
63%
haukkuu
63%
hiekkalaatikolla
63%
joten
63%
karavaani
63%
kiltti
63%
koirat
63%
kulkee
63%
kutsu
63%
Kyllästyitkö
63%
lappilainen
63%
leikkimään
63%
miksi
63%
niin
63%
noitanainen
63%
on
63%
oon
63%
paha
63%
puuttuu
63%
se
63%
sisältö
63%
sulla
63%
taas
63%
taitaa
63%
tyttö
63%
anna
50%
horjumaan
50%
hullu
50%
kylillä
50%
telenovelaan
50%
astuu
38%
eikä
38%
ilman
38%
jos
38%
jotka
38%
kaikuu
38%
kastuu
38%
kaupan
38%
käytävillä
38%
kirjoitat
38%
likaset
38%
murtamaan
38%
ne
38%
niinku
38%
ois
38%
palattu
38%
pelkää
38%
pulpettiin
38%
sateessa
38%
tarinasi
38%
teet
38%
todisteita
38%
tulla
38%
tuomittiin
38%
elävältä
25%
hehkuu
25%
kaadetaan
25%
Katseet
25%
lokaa
25%
Missä
25%
muotokuvani
25%
niskaan
25%
palstoilla
25%
rinnalle
25%
rohkeet
25%
saavilla
25%
seinillä
25%
siitä
25%
syö
25%
toisen
25%
tuu
25%
vessojen
25%
voittaa
25%
Ehtoja vastaavia visoja ei löytynyt
Tulosjakauma
Jokaisen tuloksen saaneiden osuus
Persentiili vastausten määrän mukaan
Tuloshistoriasi
Et ole pelannut tätä visaa